LIBRARY ONLINE CATALOGUE

Advanced inorganic chemistry volume 1 / (Record no. 10867)

MARC details
000 -LEADER
fixed length control field 00619cam a22002052 4500
001 - CONTROL NUMBER
control field 0000006052
005 - DATE AND TIME OF LATEST TRANSACTION
control field 20151217154357.0
008 - FIXED-LENGTH DATA ELEMENTS--GENERAL INFORMATION
fixed length control field 070912s xx 000 0 eng d
020 ## - INTERNATIONAL STANDARD BOOK NUMBER
International Standard Book Number 8121902630 :
Terms of availability KES 1,240
040 ## - CATALOGING SOURCE
Original cataloging agency KABU
Transcribing agency KABU
245 10 - TITLE STATEMENT
Title Advanced inorganic chemistry volume 1 /
Statement of responsibility, etc. Satya Prakash ... [et al.].
260 ## - PUBLICATION, DISTRIBUTION, ETC. (IMPRINT)
Place of publication, distribution, etc. New Delhi :
Name of publisher, distributor, etc. S. Chand,
Date of publication, distribution, etc. 2006.
300 ## - PHYSICAL DESCRIPTION
Extent xvi, 1391 p.
362 0# - DATES OF PUBLICATION AND/OR SEQUENTIAL DESIGNATION
Dates of publication and/or sequential designation Vol. 1.
650 #0 - SUBJECT ADDED ENTRY--TOPICAL TERM
Topical term or geographic name as entry element Chemistry, Inorganic.
-- 0000154148
700 1# - ADDED ENTRY--PERSONAL NAME
Personal name Prakash, Satya.
-- 0000154149
908 ## - PUT COMMAND PARAMETER (RLIN)
Put command parameter 070912
950 ## - LOCAL HOLDINGS (RLIN)
-- 1
Holdings
Withdrawn status Lost status Source of classification or shelving scheme Not for loan Home library Current library Date acquired Total Checkouts Total Renewals Full call number Barcode Date last seen Date last checked out Price effective from Koha item type
    Library of Congress Classification   Kabarak, Main Campus Kabarak, Main Campus 17/12/2015 9 1 QD151.2 .A38 2006 005072 20/11/2023 03/11/2023 17/12/2015 General Collection